000 00274nam a22001337a 4500
008 170529b xxu||||| |||| 00| 0 eng d
020 _a06432
041 _aeng
080 _a621.36
100 _a26
101 _aIM
245 _aSUN POWER
_cGADLER, S.J
942 _2udc
_cBK
999 _c14876
_d14876